000 00551ntaaa2200193 4500
003 01
005 20251027202052.0
008 0714s1973 ag 01
040 _aAR-BaBN
_bspa
_cAR-BaBN
_eaacr
_dRIC
082 _a252.0000 Es8
100 _aEstrada Cuesta, Leobardo
_916344
245 _aDos maneras de morir y otros sermones avangélicos
250 _a1 ed.
260 _aEl Paso :
_bCasa Bautista de Publicaciones,
_cc1958
300 _a92 p
500 _aLibro perdido. Juego de fichas retirado 24/5/76
650 _asermones
_9362
942 _cBK
999 _c15516
_d15516